Central Library OPAC University of Rajshahi

Veterinary obstetrics and genital diseases / (Record no. 68374)

MARC details
000 -LEADER
fixed length control field 00714nam a2200241 a 4500
001 - CONTROL NUMBER
control field 68374
003 - CONTROL NUMBER IDENTIFIER
rucl marc code BD-RjUL
005 - DATE AND TIME OF LATEST TRANSACTION
control field 20211209081749.0
008 - FIXED-LENGTH DATA ELEMENTS--GENERAL INFORMATION
fixed length control field 780804r20041971ii a b 001 0 eng
020 ## - INTERNATIONAL STANDARD BOOK NUMBER
International Standard Book Number 8123909225
035 ## - SYSTEM CONTROL NUMBER
System control number (BD-RjUL)68584
040 ## - CATALOGING SOURCE
Original cataloging agency DLC
Transcribing agency TxCM
Modifying agency DLC
Language of cataloging eng
041 ## - LANGUAGE CODE
Language code of text/sound track or separate title eng
082 ## - DEWEY DECIMAL CLASSIFICATION NUMBER
Edition number 23
Classification number 636.089
Author mark and year ROV 2004
100 1# - MAIN ENTRY--PERSONAL NAME
Personal name Roberts, Stephen J.
9 (RLIN) 202709
245 10 - TITLE STATEMENT
Title Veterinary obstetrics and genital diseases /
Statement of responsibility, etc. Stephen J Roberts
250 ## - EDITION STATEMENT
Edition statement 2nd ed.
260 ## - PUBLICATION, DISTRIBUTION, ETC. (IMPRINT)
Place of publication, distribution, etc. New Delhi :
Name of publisher, distributor, etc. CBS Publisher and Distributes,
Date of publication, distribution, etc. 1997 [reprinted 2004]
300 ## - PHYSICAL DESCRIPTION
Pagination 776 p. :
Illustrations ill. ;
Size 29 cm.
504 ## - BIBLIOGRAPHY, ETC. NOTE
Bibliography, etc Includes bibliography and index
650 #0 - SUBJECT ADDED ENTRY--TOPICAL TERM
Topical term or geographic name as entry element Veterinary Science
9 (RLIN) 162774
942 ## - ADDED ENTRY ELEMENTS (KOHA)
Source of classification or shelving scheme Dewey Decimal Classification
Koha item type Books
Holdings
Lost status Source of classification or shelving scheme Damaged status Not for loan Collection code Permanent Location Current Location Shelving location Date acquired Source of acquisition Cost, normal purchase price Total Checkouts Full call number Date last seen Copy number Koha item type
  Dewey Decimal Classification   Not For Loan Non-fiction Central Library, University of Rajshahi Central Library, University of Rajshahi Reading Room 14/06/2009 Mallik Book 800.00   636.089 ROV 2004 02/04/2017 C-1 Books